[Event "IV Niterói Chess Open 2024"]
[Site "Rio de Janeiro"]
[Date "2024.09.01"]
[Round "7"]
[Board "54"]
[White "Firmo, Zaihr Goncalves"]
[Black "Pfitzner, Paulo Henrique"]
[Result "1-0"]
[WhiteElo "1670"]
[BlackElo "1705"]
[Annotator "Chessbase"]
[PlyCount "63"]
[EventDate "2024.08.28"]
[EventRounds "7"]
[EventCountry "BRA"]

1. d4 d5 2. c4 dxc4 3. e3 Be6 4. Nf3 Nf6 5. Nbd2 ({RR} 5. Be2 c5 6. O-O Nc6 7. dxc5 Qxd1 8. Rxd1 Ne4 9. Nc3 Nxc5 10. Ng5 g6 11. e4 Bg7 12. Be3 Nd3 13. Nxe6 fxe6 14. Bxd3 cxd3 15. Rxd3 Rd8 16. Rxd8+ Kxd8 17. Rc1 Bxc3 18. Rxc3 e5 19. Ra3 Kc7 {1-0 So,W (2650)-Bojkov,D (2556) Quebec-ch op 2012 (7)}) 5... c3 $146 ({RR} 5... c6 6. Bxc4 Bxc4 7. Nxc4 Nbd7 8. Qb3 Qc7 9. Bd2 e6 10. O-O Be7 11. Rac1 O-O 12. Qc2 Bd6 13. Rfd1 Rfe8 14. e4 Be7 15. Bg5 h6 16. Bh4 g5 17. Bg3 Qd8 18. Nfe5 Bf8 19. Qe2 Qe7 20. h4 {1-0 Lynch,J-Barboza de Oliveira,A Montevideo Sudamericano Primer 1921 (3)}) ({RR} 5... c5 6. Nxc4 Nc6 7. Nce5 Bd5 8. dxc5 e6 9. Nxc6 bxc6 10. Bd2 Bxc5 11. Rc1 Be7 12. Bc4 O-O 13. O-O Bxf3 14. gxf3 Nd5 15. Bb3 Bd6 16. f4 Rc8 17. Qf3 Qf6 18. Rfd1 Qxb2 19. e4 Bb4 20. exd5 {½-½ Cherniaiev,T (2306)-Paravyan,D (2608) Titled Tue 23rd Jul Early 2024 (10)}) ({RR} 5... c5 6. Ng5 Bd5 7. e4 h6 8. exd5 hxg5 9. Nxc4 Qxd5 10. dxc5 Qxc5 11. Be3 Qc7 12. Bxg5 Nc6 13. g3 Rd8 14. Qa4 Rd5 15. Bxf6 gxf6 16. Ne3 Rd4 17. Qc2 Bh6 18. Bg2 Bxe3 19. fxe3 Qa5+ 20. Qc3 {½-½ Szilagyi,G-Flohr,S Marianske Lazne/Prague 1956 (17)}) ({RR} 5... c6 6. Bxc4 Bxc4 7. Nxc4 e6 8. O-O Be7 9. Qe2 O-O 10. e4 Nbd7 11. Bg5 h6 12. Bh4 Nb6 13. Rfe1 Nxc4 14. Qxc4 Re8 15. e5 Nd5 16. Bxe7 Rxe7 17. Nd2 Rd7 18. Nf3 Qb6 19. b3 Rad8 20. Re4 {0-1 Melikhov,E (2252)-Nihal,S (2684) Titled Tue 15th Aug Early 2023 (3)}) 6. Nb3 cxb2 7. Bxb2 g6 8. Bd3 Bg7 9. O-O O-O 10. Re1 c6 11. Rc1 a5 12. Bc4 Bxc4 13. Rxc4 a4 14. Nc5 a3 15. Ba1 b5 16. Rc3 Nd5 17. Rc1 Nd7 18. Ne4 Qc7 19. Ng3 Rfb8 20. e4 Nf4 21. Qb3 b4 22. Ng5 e6 23. d5 Bxa1 24. Rxc6 Qe5 25. dxe6 Qxg5 26. exf7+ Kf8 27. Rc7 Bc3 28. Rd1 Ne5 29. Rd5 Nxd5 30. Qxd5 Rd8 31. Qc5+ Kg7 32. f8=Q# 1-0

[Event "IV Niterói Chess Open 2024"]
[Site "Rio de Janeiro"]
[Date "2024.08.30"]
[Round "4"]
[Board "6"]
[White "Matsuura, Everaldo"]
[Black "De Souza, Felipe Guimaraes"]
[Result "1-0"]
[WhiteElo "2365"]
[BlackElo "2038"]
[Annotator "Chessbase"]
[PlyCount "46"]
[EventDate "2024.08.28"]
[EventRounds "7"]
[EventCountry "BRA"]

1. d4 Nf6 2. c4 e6 3. Nf3 d5 4. e3 a6 5. Nc3 dxc4 6. Bxc4 b5 7. Bb3 Bb7 8. O-O c5 9. Qe2 Nbd7 10. Rd1 Qb6 11. a4 b4 12. a5 Qc7 13. Na4 Be7 14. Bd2 cxd4 ({RR} 14... O-O 15. Rdc1 Ne4 16. Bxb4 Bc6 17. dxc5 Rab8 18. Nb6 Ndxc5 19. Bc2 Bb5 20. Qe1 Qb7 21. Nd4 Rfd8 22. Nxb5 axb5 23. f3 Nf6 24. Rd1 Nd5 25. Nxd5 Rxd5 26. e4 Rxd1 27. Rxd1 Qa7 28. Kh1 h6 29. Qf2 {1-0 Kim,S (2295)-Estrada Nieto,J (2218) Titled Tue 6th Aug Late 2024 (3)}) 15. exd4 O-O 16. Bg5 $146 ({RR} 16. Ne5 Nxe5 17. dxe5 Nd7 18. Bf4 Rfd8 19. Rxd7 Qxd7 20. Nb6 Qc6 21. Qg4 h5 22. Qf3 Qxf3 23. gxf3 Rab8 24. Kg2 Bxf3+ 25. Kxf3 Rd3+ 26. Ke4 Rxb3 27. Nc4 Rd8 28. Be3 Rbd3 29. Rc1 Rd1 30. Rc2 b3 {0-1 Hladil,I (1902)-Weglarz,L (2283) Stare Mesto op 2007 (1)}) 16... Rfe8 17. Rdc1 Qb8 18. Nc5 Nxc5 19. dxc5 Rc8 20. Ne5 Bd5 21. Bxd5 exd5 22. Nd3 Re8 23. Qd1 Qb5 1-0

[Event "IV Niterói Chess Open 2024"]
[Site "Rio de Janeiro"]
[Date "2024.08.29"]
[Round "3"]
[Board "54"]
[White "Firmo, Zaihr Goncalves"]
[Black "Lopes, Eduardo Moraes"]
[Result "0-1"]
[WhiteElo "1670"]
[BlackElo "1933"]
[Annotator "Chessbase"]
[PlyCount "48"]
[EventDate "2024.08.28"]
[EventRounds "7"]
[EventCountry "BRA"]

1. d4 d5 2. c4 e6 3. Nf3 Nf6 4. cxd5 exd5 5. Bg5 Be7 6. e3 O-O 7. Bd3 Re8 8. O-O c6 9. Nbd2 Nbd7 10. Qc2 Ne4 11. Bxe7 Qxe7 12. Rfe1 Nf8 13. Ne5 $146 ({RR} 13. Bxe4 dxe4 14. Ne5 f6 15. Nec4 Ng6 16. Nf1 Kh8 17. Rad1 Be6 18. b3 Bd5 19. Ng3 {½-½ Zeldin,L (1846)-Mazarov,J (1958) NRW-ch U14 Kranenburg 2005 (3)}) 13... f6 14. Nef3 Kh8 15. h3 Bd7 16. Rac1 Rac8 17. Qb3 Be6 18. Qc2 c5 19. Qa4 a6 20. dxc5 Bd7 21. Qb3 Nxc5 22. Qxd5 Be6 23. Qh5 Nxd3 24. Rxc8 Rxc8 0-1

[Event "IV Niterói Chess Open 2024"]
[Site "Rio de Janeiro"]
[Date "2024.08.29"]
[Round "2"]
[Board "59"]
[White "Pfitzner, Paulo Henrique"]
[Black "De Oliveira, Tobias Luiz Carvalho"]
[Result "0-1"]
[WhiteElo "1705"]
[BlackElo "1731"]
[Annotator "Chessbase"]
[PlyCount "48"]
[EventDate "2024.08.28"]
[EventRounds "7"]
[EventCountry "BRA"]

1. d4 Nf6 2. c4 e6 3. e3 d5 4. Nf3 c5 5. Nc3 Nc6 6. Be2 Be7 7. O-O O-O 8. cxd5 exd5 9. Ne5 cxd4 ({RR} 9... a6 10. Kh1 Qc7 11. f4 Bf5 12. Bf3 Be4 13. g4 cxd4 14. exd4 Bxf3+ 15. Rxf3 Rad8 16. Rh3 Qc8 17. Qd3 g6 18. g5 Ne4 19. Rf3 Qf5 20. Kg2 Bb4 21. h3 Ne7 22. Ng4 Qe6 23. Bd2 Bxc3 24. Bxc3 {0-1 Grams,L (1513)-Marques Junior,M (1818) 10th Floripa Open 2024 (5.120)}) 10. Nxc6 bxc6 11. Qxd4 $146 ({RR} 11. exd4 c5 12. Bf3 Be6 13. dxc5 Bxc5 14. Bg5 Rb8 15. Qd2 d4 16. Ne2 h6 17. Bh4 {½-½ Kucuksari,K (1642)-Gok,E Kemer Turkey Cup 2014 (7)}) 11... c5 12. Qa4 a6 13. Bf3 Bb7 14. Qb3 Rb8 15. Rd1 Bd6 16. a4 h6 17. Qa2 d4 18. Bxb7 dxc3 19. Bxa6 Bxh2+ 20. Kxh2 Qxd1 21. bxc3 Qd6+ 22. g3 Qxa6 23. a5 Qf1 24. Ba3 Ng4# 0-1

[Event "IV Niterói Chess Open 2024"]
[Site "Rio de Janeiro"]
[Date "2024.08.29"]
[Round "3"]
[Board "34"]
[White "Pereira, Arthur Macedo"]
[Black "De Oliveira, Tobias Luiz Carvalho"]
[Result "1-0"]
[WhiteElo "1940"]
[BlackElo "1731"]
[Annotator "Chessbase"]
[PlyCount "37"]
[EventDate "2024.08.28"]
[EventRounds "7"]
[EventCountry "BRA"]

1. d4 Nf6 2. c4 e6 3. Nf3 d5 4. Nc3 c5 5. cxd5 exd5 6. g3 Nc6 7. Bg2 h6 8. O-O Be6 9. a3 Be7 10. dxc5 Bxc5 11. b4 Be7 12. Bb2 O-O 13. Rc1 Rc8 14. Nd4 $146 ({RR} 14. Nb5 Qb6 15. Nbd4 Ne4 16. e3 Bg4 17. h3 Bxf3 18. Bxf3 Rfd8 19. Bxe4 dxe4 20. Qg4 Bf6 21. Nxc6 Rxc6 22. Rxc6 Qxc6 23. Bxf6 Qxf6 24. Qxe4 b6 {½-½ Costescu,M (1589)-Veress,A (1887) ROM-ch U14 Calimanesti Caciulata 2019 (2)}) 14... a6 15. Na4 Bd7 16. Nxc6 bxc6 17. Bd4 Rb8 18. Qd3 Re8 19. Bc5 1-0

[Event "IV Niterói Chess Open 2024"]
[Site "Rio de Janeiro"]
[Date "2024.08.31"]
[Round "6"]
[White "Okamura, Milton Kasuo"]
[Black "Ribeiro, Matheus Mendes Domi"]
[Result "0-1"]
[WhiteElo "2004"]
[BlackElo "2244"]
[Annotator "Chessbase"]
[PlyCount "168"]
[EventDate "2024.08.28"]
[EventRounds "7"]
[EventCountry "BRA"]

1. d4 d5 2. c4 e6 3. Nc3 Nf6 4. cxd5 exd5 5. Bg5 Bb4 6. Qa4+ Nc6 7. e3 h6 8. Bxf6 Qxf6 9. a3 ({RR} 9. Nge2 O-O 10. a3 Bxc3+ 11. Nxc3 Ne7 12. Be2 c6 13. O-O Nf5 14. b4 Nh4 15. Kh1 Qg6 16. g3 Nf5 17. b5 h5 18. bxc6 bxc6 19. Rg1 h4 20. gxh4 Qf6 21. h5 c5 22. Nxd5 Bb7 23. Bf3 Bxd5 {0-1 Carlsen,M (2847)-Nepomniachtchi,I (2789) Carlsen Inv KO rapid 2021 (2.22)}) 9... Bxc3+ 10. bxc3 O-O 11. Nf3 a5 $146 ({RR} 11... a6 12. Be2 Re8 13. O-O b5 14. Qd1 Bf5 15. a4 Rab8 16. axb5 axb5 17. Qd2 Rb6 18. Rfc1 Reb8 19. Ne1 Nd8 20. Bd3 Ne6 21. Qc2 Bg4 22. f3 Bh5 23. Bh7+ Kh8 24. Qf5 Qh4 25. g3 Qg5 26. f4 {1-0 Moskovic,D (2293)-Trent,L (2442) BCF-chT1d 1011 (4NCL) Demotion pool 2010 (11.15)}) 12. Be2 Ne7 13. O-O c6 14. Qb3 Nf5 15. Rfe1 Nd6 16. Nd2 b5 17. f3 Re8 18. Nf1 Qg5 19. Bd3 Bf5 20. Qc2 Bxd3 21. Qxd3 f5 22. a4 bxa4 23. Rxa4 Nc4 24. Rxc4 dxc4 25. Qxc4+ Kh7 26. Qxc6 a4 27. Ra1 Qg6 28. Qb5 a3 29. c4 a2 30. Qb3 Reb8 31. Qc2 f4 32. e4 Qb6 33. Rxa2 Rxa2 34. Qxa2 Qxd4+ 35. Kh1 Qd3 36. Kg1 Rb1 37. Qf2 Qxc4 38. g3 fxg3 39. hxg3 Rc1 40. g4 Rc2 41. Qe3 Rc1 42. Qf2 Qd3 43. Qg2 Rc2 44. Qh3 g5 45. Qg3 Qd4+ 46. Kh1 Qf2 47. Qxf2 Rxf2 48. Nh2 Kg6 49. Kg1 Ra2 50. Nf1 Kf6 51. Ne3 Ke5 52. Nd5 Kd4 53. Kf1 Rb2 54. Ke1 Ke5 55. Kf1 Ke6 56. Ne3 Kf6 57. Ke1 Kg6 58. Kf1 h5 59. gxh5+ Kxh5 60. Nf5 Kg6 61. Ne3 Ra2 62. Ke1 Kf6 63. Kf1 Ke5 64. Nd5 Rc2 65. Ke1 Kd4 66. Kf1 g4 67. fxg4 Kxe4 68. Nf6+ Kf3 69. Ke1 Rc6 70. g5 Rd6 71. Nh7 Kf4 72. Ke2 Kf5 73. Ke3 Ra6 74. Kd4 Ra1 75. Kd3 Rd1+ 76. Ke2 Rh1 77. Nf6 Rg1 78. Nd5 Ke4 79. Nf6+ Ke5 80. Nh7 Kf4 81. Kd3 Re1 82. Kd2 Re7 83. g6 Kf5 84. Nf8 Kf6 0-1

[Event "IV Niterói Chess Open 2024"]
[Site "Rio de Janeiro"]
[Date "2024.08.29"]
[Round "3"]
[Board "3"]
[White "Di Berardino, Diego Rafael"]
[Black "Serpa, Rafael Araujo"]
[Result "1-0"]
[WhiteElo "2472"]
[BlackElo "2107"]
[Annotator "Chessbase"]
[PlyCount "85"]
[EventDate "2024.08.28"]
[EventRounds "7"]
[EventCountry "BRA"]

1. d4 d5 2. c4 e6 3. Nc3 Nf6 4. Nf3 a6 5. cxd5 exd5 6. Bg5 Be6 7. e3 Be7 8. Bd3 O-O 9. Qc2 h6 10. Bh4 Nbd7 11. O-O c5 12. dxc5 Nxc5 13. Rad1 $146 ({RR} 13. Nd4 Rc8 14. Rac1 Ng4 15. Bxe7 Qxe7 16. Bf5 Nf6 17. Qb1 Ncd7 18. Nce2 Nb6 19. Nf4 Bxf5 20. Nxf5 Qe5 21. Nd4 Nc4 22. Qf5 Qxf5 23. Nxf5 Kh7 24. b3 Nd2 25. Rfd1 g5 26. Ne2 Rxc1 {½-½ Bellincampi,S (2060)-Damia,A (2313) Porto San Giorgio op 28th 2018 (6)}) ({RR} 13. Rfd1 Rc8 14. Nd4 b5 15. Qe2 Nxd3 16. Qxd3 b4 17. Nce2 Qb6 18. Rac1 Rxc1 19. Rxc1 Rc8 20. Rxc8+ Bxc8 21. Qc2 Bd7 22. Bg3 Qc5 23. Bc7 Qc4 24. b3 Qxc2 25. Nxc2 d4 26. Nexd4 Nd5 27. Ba5 f5 {1-0 Baumbach,F (2296)-Ousatchi,M (2100) GER-chT Seniors 12th 2003 (4.4)}) ({RR} 13. Nd4 Rc8 14. f3 b5 15. a3 Na4 16. Be1 Nd7 17. Qe2 Nac5 18. Bc2 Re8 19. Rd1 Bf6 20. f4 Nb6 21. e4 Nxe4 22. Nxe4 Bxd4+ 23. Rxd4 Bf5 24. Ba5 Bxe4 25. Bxe4 Rxe4 26. Qxe4 {1-0 Klukin,K (2326)-Makhnev,D (2495) Moscow op-A 15th 2019 (8)}) 13... Qb6 14. Bh7+ Kh8 15. Bf5 Rac8 16. Bxe6 Nxe6 17. Qb1 Nc7 18. Nd4 g6 19. Rc1 Kg7 20. Rc2 Qd6 21. Rfc1 Qd7 22. Na4 Na8 23. b3 Ba3 24. Nc5 Bxc5 25. Bxf6+ Kxf6 26. Rxc5 Rxc5 27. Rxc5 Rc8 28. Rxc8 Qxc8 29. Qb2 Ke7 30. h4 h5 31. Qa3+ Kd7 32. Qb4 Nc7 33. Qc5 Qd8 34. Nf3 Qe7 35. Qd4 f6 36. Qb6 Kc8 37. Nd4 Na8 38. Qe6+ Qxe6 39. Nxe6 Nc7 40. Nf4 Nb5 41. Nxg6 Nc3 42. g4 Kd7 43. gxh5 1-0

[Event "IV Niterói Chess Open 2024"]
[Site "Rio de Janeiro"]
[Date "2024.08.28"]
[Round "1"]
[Board "50"]
[White "Tischler Lema Garcia, Maria Eduarda"]
[Black "Lopes, Eduardo Moraes"]
[Result "1-0"]
[WhiteElo "1511"]
[BlackElo "1933"]
[Annotator "Chessbase"]
[PlyCount "63"]
[EventDate "2024.08.28"]
[EventRounds "7"]
[EventCountry "BRA"]

1. d4 d5 2. c4 e6 3. Nc3 Nf6 4. cxd5 exd5 5. Bg5 Be7 6. e3 h6 7. Bh4 Bg4 8. Qb3 Nbd7 9. Bxf6 Nxf6 10. Qxb7 O-O 11. Qb3 c5 12. dxc5 ({RR} 12. Be2 cxd4 13. exd4 Bf5 14. Qd1 Qb6 15. Bd3 Qxb2 16. Bxf5 Qxc3+ 17. Kf1 Ne4 18. Ne2 Qa5 19. Qd3 Nd6 20. g3 Rab8 21. Kg2 Rb2 22. Bg4 Ne4 23. Rhf1 Bf6 24. Bf3 Re8 25. Rfd1 g6 26. h4 h5 {½-½ Lalic,B (2350)-Sherman,R (2366) 35th Czech Rapid G1 2024 (4.10)}) 12... d4 $146 ({RR} 12... Bxc5 13. Be2 d4 14. O-O-O Rb8 15. Qc2 Qa5 16. Rxd4 Bxd4 17. exd4 Qg5+ 18. Qd2 Qxd2+ 19. Kxd2 Rxb2+ 20. Kc1 Rfb8 21. f3 Bf5 22. Bd1 Nd5 23. Nxd5 Rb1+ 24. Kd2 R8b2+ 25. Kc3 Be6 26. Ne3 Rxa2 27. Nh3 {1-0 Dobosz,H (2385)-Oezdemir,N Giessen op 1997 (1)}) 13. exd4 Qxd4 14. Qc4 Qe5+ 15. Nge2 Bxc5 16. Qf4 Qe6 17. O-O-O Rfd8 18. Rxd8+ Rxd8 19. h3 Bf5 20. g4 Qc6 21. Rg1 Bg6 22. Bg2 Qc8 23. Rd1 Rxd1+ 24. Kxd1 Qd7+ 25. Ke1 Qd3 26. Qb8+ Kh7 27. Qb5 Qd6 28. Qc6 Qe7 29. Qb7 Qe5 30. Qc6 Bb4 31. a3 Ba5 32. f4 1-0

[Event "IV Niterói Chess Open 2024"]
[Site "Rio de Janeiro"]
[Date "2024.08.30"]
[Round "4"]
[Board "39"]
[White "Silva, Juliana Figueira Theophilo"]
[Black "Dos Santos, Jackson De Souza Teles"]
[Result "1-0"]
[WhiteElo "1859"]
[BlackElo "1773"]
[Annotator "Chessbase"]
[PlyCount "109"]
[EventDate "2024.08.28"]
[EventRounds "7"]
[EventCountry "BRA"]

1. d4 d5 2. c4 e6 3. Nc3 Nf6 4. cxd5 exd5 5. Bg5 Be6 6. e3 Nbd7 7. Nf3 Bd6 8. Bd3 c6 9. Qc2 h6 10. Bh4 Qc7 11. Bg3 b5 $146 ({RR} 11... O-O 12. Bxd6 Qxd6 13. O-O a6 14. Na4 Bg4 15. Rab1 Bxf3 16. gxf3 Rfe8 17. b4 Nf8 18. Nc5 Rab8 19. a4 N8h7 20. b5 axb5 21. axb5 cxb5 22. Rxb5 b6 23. Na4 Ng5 24. Be2 Rbc8 25. Qb3 Nd7 26. Qxd5 {½-½ De Melo,R (1517)-Moraes Silva,C (1765) Bra IRT Marista U2200 1st 2015 (5.5)}) 12. Nxb5 Qa5+ 13. Nc3 Bxg3 14. hxg3 Rc8 15. O-O O-O 16. a3 c5 17. dxc5 Qxc5 18. Rac1 Qd6 19. Qe2 Bg4 20. Nb5 Qb6 21. Nbd4 Ne5 22. Bf5 Bxf5 23. Nxf5 Nxf3+ 24. gxf3 Qe6 25. Qd3 Nd7 26. Qxd5 Rce8 27. Qxe6 Rxe6 28. Rc7 Ne5 29. Rxa7 Nxf3+ 30. Kg2 Nd2 31. Rd1 Ne4 32. Nd4 Rb6 33. b4 Rd8 34. Rc1 Nd6 35. Rcc7 Rdb8 36. Nc6 Nb5 37. Nxb8 Nxc7 38. Rxc7 Rxb8 39. Kf3 Ra8 40. Rc3 Kf8 41. b5 Ke7 42. Ke4 Kd6 43. Kd4 Ra4+ 44. Kd3 Ra8 45. Kc4 Rc8+ 46. Kb4 Rxc3 47. Kxc3 Kc5 48. a4 g5 49. Kd3 h5 50. Ke4 h4 51. gxh4 gxh4 52. Kf4 f5 53. Kf3 Kb6 54. Kg2 Ka5 55. Kh3 1-0

[Event "IV Niterói Chess Open 2024"]
[Site "Rio de Janeiro"]
[Date "2024.08.31"]
[Round "6"]
[White "Andriska, Matheus Jose Amante"]
[Black "De Sa, Miguel Melro Franco"]
[Result "1/2-1/2"]
[WhiteElo "1495"]
[BlackElo "1813"]
[Annotator "Chessbase"]
[PlyCount "28"]
[EventDate "2024.08.28"]
[EventRounds "7"]
[EventCountry "BRA"]

1. d4 d5 2. c4 e6 3. Nc3 Nf6 4. cxd5 exd5 5. Bg5 Be7 6. Nf3 h6 7. Bh4 c6 8. e3 Bf5 9. Bd3 Bxd3 10. Qxd3 Nbd7 11. O-O O-O 12. Rac1 ({RR} 12. a3 a5 13. Bg3 Re8 14. Rfe1 Qb6 15. Rab1 Bf8 16. Ne5 Nxe5 17. Bxe5 Nd7 18. Bg3 Re6 19. Ne2 Rae8 20. Nf4 Re4 21. f3 R4e7 22. Bf2 Nf6 23. b4 axb4 24. axb4 Rd7 25. b5 c5 26. dxc5 Bxc5 {0-1 Yermolinsky,A (2597)-Ivanchuk,V (2714) Hoogovens 5' blitz 1999 (8)}) 12... Ne4 ({RR} 12... Re8 13. Bg3 Bf8 14. Ne5 Nxe5 15. Bxe5 Nd7 16. Bg3 Nb6 17. Rfe1 Bd6 18. b3 Bxg3 19. hxg3 a5 20. Na4 Nxa4 21. bxa4 h5 22. Rb1 Rb8 23. Rb2 h4 24. gxh4 Qxh4 25. Reb1 Re7 26. Rb5 cxb5 27. Rxb5 {0-1 Senft,S (2054)-Vila Dupla,A (2042) Titled Tue 9th Apr Early 2024 (4)}) 13. Bxe7 $146 ({RR} 13. Nxe4 Bxh4 14. Nxh4 Qxh4 15. Nc5 Nxc5 16. Rxc5 f5 17. g3 Qg4 18. Qd1 Qg6 19. Qf3 Rae8 20. b4 a6 21. a4 Re4 22. Kh1 f4 23. gxf4 Rf5 24. Rg1 Qf6 25. Rc2 Re7 26. Qg3 Qe6 27. Qf3 Kf8 {1-0 Cardozo,M (1848)-Achutti,A (2091) Sao Paulo Carnaval op 2018 (5)}) 13... Qxe7 14. a3 a5 1/2-1/2

[Event "IV Niterói Chess Open 2024"]
[Site "Rio de Janeiro"]
[Date "2024.08.30"]
[Round "4"]
[Board "24"]
[White "Fernandes, Felipe Gambini"]
[Black "Silveira, Rogerio Zanon Da"]
[Result "1-0"]
[WhiteElo "1852"]
[BlackElo "1999"]
[Annotator "Chessbase"]
[PlyCount "116"]
[EventDate "2024.08.28"]
[EventRounds "7"]
[EventCountry "BRA"]

1. d4 d5 2. c4 e6 3. Nc3 c6 4. cxd5 exd5 5. Qc2 Nf6 6. Bg5 Nbd7 7. e3 Be7 8. Bd3 h6 9. Bh4 O-O 10. Nf3 Re8 11. O-O Nf8 12. Rab1 Nh5 13. Bxe7 Qxe7 14. b4 a6 15. a4 Nf6 ({RR} 15... Bg4 16. Ne5 Be6 17. b5 axb5 18. axb5 f6 19. Ng6 Nxg6 20. Bxg6 Bf7 21. bxc6 bxc6 22. Bxf7+ Qxf7 23. g4 f5 24. gxh5 Qxh5 25. Ne2 Re6 26. Ng3 Rg6 27. Rb6 Rc8 28. Rc1 Qh3 29. Kh1 h5 30. Rb7 {0-1 Esmeraldas Huachi,A (2140)-Dubnevych,M (2294) Titled Tue 14th May Late 2024 (10)}) 16. b5 axb5 17. axb5 Be6 $146 ({RR} 17... cxb5 18. Rxb5 Rd8 19. Rfb1 Ne6 20. Ne5 Nc7 21. Rb6 Rd6 22. Na4 Rd8 23. Nc5 Rd6 24. Rxd6 Qxd6 25. Nxb7 Qe7 26. Nc5 Nce8 27. Qb2 Nd6 28. Ra1 Rxa1+ 29. Qxa1 Qc7 30. Qa8 g6 31. h3 Kg7 32. Qc6 {1-0 Heuser,P (2116)-Wild,G (2044) Verbandsliga Nord Baden 0708 2007 (3.6)}) ({RR} 17... c5 18. dxc5 Qxc5 19. Rfc1 Bg4 20. Ne2 Qxc2 21. Bxc2 Ne6 22. Ned4 Bxf3 23. Nxf3 Red8 24. Bf5 Kf8 25. Kf1 Rdc8 26. Ne5 Ke7 27. f3 g6 28. Bxe6 Kxe6 29. Nd3 Kd6 30. Rd1 Ra3 31. Ke2 Rc2+ 32. Rd2 {0-1 Bauer,N (2200)-Perk,W Mecklenburg VP LL1 9697 1996 (1)}) ({RR} 17... Ne4 18. Ne2 c5 19. dxc5 Nxc5 20. Rfc1 b6 21. Nfd4 Nfe6 22. Nxe6 Bxe6 23. Nd4 Qf6 24. Qd1 Ra2 25. Rc2 Rea8 26. Rbc1 g6 27. Rxa2 Rxa2 28. Rc2 Ra8 29. Rc1 Ra2 30. Rc2 Ra8 31. Rc1 Kg7 32. h3 {1-0 Melian,J (2310)-Dehtiarov,R (2300) Titled Tue 14th Feb Early 2023 (9)}) 18. bxc6 bxc6 19. Na4 N8d7 20. Rfc1 Rec8 21. Nb6 Nxb6 22. Rxb6 c5 23. dxc5 Nd7 24. Rb5 Nb8 25. Rbb1 Nc6 26. Nd4 Bd7 27. Nxc6 Bxc6 28. Bb5 Qd7 29. Bxc6 Rxc6 30. Rb6 Rxb6 31. cxb6 Qb7 32. Qc7 Qxc7 33. bxc7 Rc8 34. Kf1 Kf8 35. Ke2 Ke7 36. Kd3 Kd7 37. Kd4 Ra8 38. Kxd5 Kc8 39. Rc2 Ra6 40. e4 Rg6 41. f4 Ra6 42. e5 Rb6 43. f5 Ra6 44. g4 Ra4 45. e6 fxe6+ 46. fxe6 Ra1 47. Rc3 Rd1+ 48. Ke5 Re1+ 49. Kf5 Rf1+ 50. Ke5 Re1+ 51. Kd6 Rd1+ 52. Ke7 Rf1 53. Ke8 Rf4 54. h3 g6 55. Ke7 h5 56. gxh5 gxh5 57. Rc5 h4 58. Kd6 Rf3 1-0

[Event "IV Niterói Chess Open 2024"]
[Site "Rio de Janeiro"]
[Date "2024.08.29"]
[Round "2"]
[Board "39"]
[White "Dos Santos, Thiago L Verbicario"]
[Black "Gomes, Carlos"]
[Result "1/2-1/2"]
[WhiteElo "1897"]
[BlackElo "1695"]
[Annotator "Chessbase"]
[PlyCount "56"]
[EventDate "2024.08.28"]
[EventRounds "7"]
[EventCountry "BRA"]

1. d4 Nf6 2. c4 e6 3. Nc3 d5 4. Bg5 Be7 5. e3 c6 6. Nf3 Nbd7 7. cxd5 exd5 8. Qc2 h6 9. Bf4 Bb4 ({RR} 9... O-O 10. h3 Ne4 11. Bd3 Ndf6 12. O-O Bf5 13. Ne5 Bh7 14. f3 Nxc3 15. Bxh7+ Nxh7 16. bxc3 c5 17. Rab1 b6 18. e4 Rc8 19. Qa4 Nf6 20. Nc6 Qd7 21. Nxe7+ Qxe7 22. e5 Nh5 23. Bh2 cxd4 24. cxd4 {1-0 Firouzja,A (2785)-Andreikin,D (2729) Titled Tue 18th Oct Late 2022 (8)}) ({RR} 9... Nh5 10. Bd3 Nxf4 11. exf4 Bd6 12. Ne5 Qf6 13. g3 Nb6 14. O-O O-O 15. Rfe1 g6 16. Nd1 Bh3 17. Ne3 Rac8 18. Qe2 c5 19. N3g4 Qg7 20. f3 Bxg4 21. fxg4 Rfe8 22. Qf2 cxd4 23. b3 Bxe5 24. fxe5 {1-0 Moskalenko,V (2416)-Alfaro Rojas,A (2301) TCh-CAT Gp1 2024 (1.4)}) 10. h3 $146 ({RR} 10. Bd3 Qe7 11. a3 Bd6 12. Bxd6 Qxd6 13. O-O O-O 14. Rfe1 Nb6 15. h3 Be6 16. Nh4 Rfe8 17. Ne2 Ne4 18. Rf1 Bd7 19. Rae1 Qf6 20. Nf3 Bxh3 21. Nf4 Bf5 22. Nh5 Qg6 23. Nf4 Qf6 24. Nh5 Qd6 {0-1 Laabs,F (1361)-Rollwitz,J (1940) Kreuzberg 2000 (4)}) ({RR} 10. Bd3 Nh5 11. Be5 Nxe5 12. Nxe5 Nf6 13. O-O O-O {½-½ Tibensky,R (2400)-Petran,P (2335) Tatran Cup 36th 1988 (5)}) ({RR} 10. Bd3 Qe7 11. O-O Bd6 12. Bxd6 Qxd6 13. Rab1 O-O 14. b4 b5 15. a4 a6 16. a5 Re8 17. Rfc1 Nf8 18. Ne2 Bd7 19. Ne5 Rxe5 20. dxe5 Qxe5 21. Nd4 Rc8 22. Qb2 Qh5 23. Be2 Qg6 24. Qc2 Qg5 {1-0 Gamer,T (2246)-Niedermaier,H Untergrombach op 20th 2003 (2.12)}) 10... Ne4 11. Bd3 Ndf6 12. O-O Bxc3 13. bxc3 O-O 14. c4 Bf5 15. c5 Bh7 16. Rfb1 Qc8 17. Rb3 Nd7 18. Ne5 b5 19. cxb6 axb6 20. Qxc6 Qxc6 21. Nxc6 Nd2 22. Bxh7+ Kxh7 23. Rb5 g5 24. Bd6 Rfc8 25. Ne7 Rc2 26. Nxd5 Raxa2 27. Rxa2 Rc1+ 28. Kh2 Nf1+ 1/2-1/2

[Event "IV Niterói Chess Open 2024"]
[Site "Rio de Janeiro"]
[Date "2024.08.29"]
[Round "2"]
[Board "25"]
[White "Nascimento, Kaio Vinicius Da Trindade"]
[Black "Pimenta, Jeronimo Marques"]
[Result "1-0"]
[WhiteElo "1693"]
[BlackElo "2047"]
[Annotator "Chessbase"]
[PlyCount "53"]
[EventDate "2024.08.28"]
[EventRounds "7"]
[EventCountry "BRA"]

1. d4 Nf6 2. c4 e6 3. Nc3 d5 4. cxd5 exd5 5. Bg5 Be7 6. Qc2 c6 7. e3 Ne4 8. Bxe7 Kxe7 9. Nxe4 dxe4 10. Qxe4+ Be6 11. Ne2 ({RR} 11. Bc4 Qa5+ 12. Kf1 Nd7 13. Bxe6 fxe6 14. Ne2 Raf8 15. Nf4 Qb5+ 16. Kg1 Qxb2 17. Qxe6+ Kd8 18. Rf1 Rf6 19. Qc4 Nb6 20. Qb3 Qxb3 21. axb3 g5 22. Nd3 Nd5 23. Ra1 a6 24. h4 g4 25. g3 h5 {1-0 Banas,J (2390)-Szurovszky,E (2280) HUN-chT 9394 1993}) 11... Nd7 12. Nc3 Nf6 13. Qc2 Rc8 $146 ({RR} 13... Re8 14. Bd3 Kf8 15. O-O Rc8 16. Rad1 Qc7 17. Bf5 Qa5 18. Bxe6 Rxe6 19. Qa4 Qc7 20. d5 cxd5 21. Nxd5 Nxd5 22. Rxd5 Ra6 23. Qb4+ Qe7 24. Qg4 Qe6 25. Qxe6 fxe6 26. Rd7 Rb6 27. Rd2 Ke7 28. Rfd1 {1-0 Heiling,T (2262)-Mueller,M (2234) Hessenliga 0506 2005 (2.2)}) ({RR} 13... Qa5 14. Be2 Rhe8 15. O-O Kf8 16. e4 Kg8 17. e5 Nd5 18. a3 Qd8 19. Bf3 Nf4 20. Rad1 Qg5 21. Ne2 Rad8 22. Nxf4 Qxf4 23. Be4 h5 24. g3 Qg5 25. f4 Qg4 26. Bf3 Qh3 27. b4 h4 28. Qg2 {1-0 Munoz Moreno,F (2331)-Silva Martinez,F Malaga-ch 2004 (1.1)}) ({RR} 13... Re8 14. Bd3 Kf8 15. O-O Qc7 16. h3 Qd7 17. Kh2 h6 18. Ne2 Nh5 19. Qc5+ Kg8 20. Qxh5 Rac8 21. Nf4 Qc7 22. Kh1 Rcd8 23. Nxe6 Rxe6 24. Bc4 Rf6 25. f4 Rfd6 26. f5 Qe7 27. f6 gxf6 28. Qxh6 {1-0 Ton,N (2012)-Le,T (1859) VIE-chT (Women) 2013 (5)}) 14. Rd1 Qa5 15. Be2 Rhd8 16. O-O g6 17. e4 Kf8 18. Qd2 Ng8 19. Bf3 f6 20. Rfe1 b5 21. a3 Bb3 22. Rc1 Qb6 23. d5 Kg7 24. Ne2 cxd5 25. exd5 Rxc1 26. Rxc1 Ne7 27. Qb4 1-0